<?xml version="1.0" encoding="UTF-8"?><?xml-stylesheet type="text/xsl" href="static/style.xsl"?><OAI-PMH xmlns="http://www.openarchives.org/OAI/2.0/" xmlns:xsi="http://www.w3.org/2001/XMLSchema-instance" xsi:schemaLocation="http://www.openarchives.org/OAI/2.0/ http://www.openarchives.org/OAI/2.0/OAI-PMH.xsd"><responseDate>2026-04-28T19:10:07Z</responseDate><request verb="GetRecord" identifier="oai:uvadoc.uva.es:10324/28199" metadataPrefix="marc">https://uvadoc.uva.es/oai/request</request><GetRecord><record><header><identifier>oai:uvadoc.uva.es:10324/28199</identifier><datestamp>2021-06-29T19:51:13Z</datestamp><setSpec>com_10324_38</setSpec><setSpec>col_10324_852</setSpec></header><metadata><record xmlns="http://www.loc.gov/MARC21/slim" xmlns:doc="http://www.lyncode.com/xoai" xmlns:xsi="http://www.w3.org/2001/XMLSchema-instance" xmlns:dcterms="http://purl.org/dc/terms/" xsi:schemaLocation="http://www.loc.gov/MARC21/slim http://www.loc.gov/standards/marcxml/schema/MARC21slim.xsd">
<leader>00925njm 22002777a 4500</leader>
<datafield tag="042" ind1=" " ind2=" ">
<subfield code="a">dc</subfield>
</datafield>
<datafield tag="720" ind1=" " ind2=" ">
<subfield code="a">Polo Pérez, Cristina</subfield>
<subfield code="e">author</subfield>
</datafield>
<datafield tag="260" ind1=" " ind2=" ">
<subfield code="c">2017</subfield>
</datafield>
<datafield tag="520" ind1=" " ind2=" ">
<subfield code="a">En la sociedad actual, la adquisición de una lengua extranjera en la etapa de Educación Primaria es esencial. La integración de la Teoría de las Inteligencias Múltiples en el ámbito educativo se presenta como una propuesta innovadora hoy en día, que puede beneficiar la adquisición de los contenidos en el alumnado. Es por ello que, el presente Trabajo de Fin de Grado pretende, investigar sobre como la Teoría de las Inteligencias Múltiples puede favorecer en la adquisición de una lengua extranjera, inglés en este caso, en el alumnado de Educación Primaria. Por lo tanto, el objetivo de este trabajo es poder llevar a cabo el diseño de una propuesta de intervención en el aula, que desarrolle los contenidos de la asignatura: “Science” a través de la Teoría de las Inteligencias Múltiples.</subfield>
</datafield>
<datafield tag="024" ind2=" " ind1="8">
<subfield code="a">http://uvadoc.uva.es/handle/10324/28199</subfield>
</datafield>
<datafield tag="245" ind1="0" ind2="0">
<subfield code="a">Integración de la teoría de las inteligencias múltiples en el aula de "Science"</subfield>
</datafield>
</record></metadata></record></GetRecord></OAI-PMH>